Getting started with MATLAB 7: a quick introduction for scientists and engineers (Record no. 4436)

000 -LEADER
fixed length control field 00886 a2200193 4500
020 ## - INTERNATIONAL STANDARD BOOK NUMBER
International Standard Book Number 0195179374
040 ## - CATALOGING SOURCE
Original cataloging agency DLC
Language of cataloging DLC
082 00 - DEWEY DECIMAL CLASSIFICATION NUMBER
Classification number 502.85
100 1# - MAIN ENTRY--PERSONAL NAME
Personal name Pratap, Rudra,
245 10 - TITLE STATEMENT
Title Getting started with MATLAB 7: a quick introduction for scientists and engineers
Remainder of title a quick introduction for scientists and engineers
Statement of responsibility, etc. Rudra Pratap.
260 ## - PUBLICATION, DISTRIBUTION, ETC.
Place of publication, distribution, etc. New York :
Name of publisher, distributor, etc. Oxford University Press,
Date of publication, distribution, etc. 2006.
300 ## - PHYSICAL DESCRIPTION
Extent x, 244 p. :
Other physical details ill. ;
Dimensions 24 cm.
650 #0 - SUBJECT ADDED ENTRY--TOPICAL TERM
Topical term or geographic name entry element Science
General subdivision Data processing.
650 #0 - SUBJECT ADDED ENTRY--TOPICAL TERM
Topical term or geographic name entry element Engineering mathematics
General subdivision Data processing.
856 42 - ELECTRONIC LOCATION AND ACCESS
Materials specified Publisher description
Uniform Resource Identifier <a href="http://www.loc.gov/catdir/enhancements/fy0636/2005047336-d.html">http://www.loc.gov/catdir/enhancements/fy0636/2005047336-d.html</a>
856 42 - ELECTRONIC LOCATION AND ACCESS
Materials specified Table of contents only
Uniform Resource Identifier <a href="http://www.loc.gov/catdir/enhancements/fy0636/2005047336-t.html">http://www.loc.gov/catdir/enhancements/fy0636/2005047336-t.html</a>
856 42 - ELECTRONIC LOCATION AND ACCESS
Materials specified Contributor biographical information
Uniform Resource Identifier <a href="http://www.loc.gov/catdir/enhancements/fy0723/2005047336-b.html">http://www.loc.gov/catdir/enhancements/fy0723/2005047336-b.html</a>
942 ## - ADDED ENTRY ELEMENTS (KOHA)
Koha item type Book
Call number prefix 502.85 PRA
Source of classification or shelving scheme
Holdings
Withdrawn status Lost status Damaged status Not for loan Collection code Permanent Location Current Location Shelving location Date acquired Source of acquisition Cost, normal purchase price Total Checkouts Total Renewals Full call number Barcode Date last seen Date last checked out Price effective from Koha item type
          Central Library (CL) Central Library (CL) General Stacks 05/20/2006 Pak Book Corporation 1922.69 4 4 502.85 PRA SEECS007313 01/29/2024 12/15/2023 01/05/2017 Book
© 2023 Central Library, National University of Sciences and Technology. All Rights Reserved.